00763nam a2200193Ia 4500008004100000020001800041100003200059245013500091250002200226300002800248650009300276700003000369264003600399336002700435337003300462338002800495040003500523084001100558161108s9999 xx 000 0 und d a9788481096200 aPessoa, Fernando, 1888-1935 aUn corazón de nadie :b antología poética (1913-1935) /c traducción, selección y prólogo de Ángel Campos Pámpano aTercera edición a652 páginas ;c 21 cm aLiteratura Portuguesa - Siglo Xx / Autores Portugueses - Siglo Xx / Poesia - Colecciones aCampos Pámpano, Ángel aBarcelona :b Galaxia Gutenberg atextobtxt2rdacontent asin mediaciónbn2rdamedia avolumenbnc2rdacarrier aCO-BoRNBPbspaerdacCO-BoRNBP aP PES4